000 00820nam a22002897a 4500
003 CHAP
005 20220329135814.0
008 971013s1963 r 00010 d
010 _a42476
011 _a43448
035 _a47584
040 _cCHAP
090 _aFolleto 2396
110 _aMéxico. Dirección General de Normas
_977008
245 _aNorma oficial para cocoa
260 _aMéxico, D.F. :
_bLa Dirección,
_c1963
300 _a7 p
490 _aF-64-1959
590 _aBATCH-UPD
_b10
_c20130110
_lUCH01
_h0055
590 _aBATCH-UPD
_b10
_c20130110
_lUCH01
_h2325
590 _aCONVERSION
_b10
_c20130109
_lUCH01
_h1323
650 1 4 _aCocoa
_xNormas de calidad.
_924283
830 0 _aF-64-1959
_939252
901 _aBK
942 _cFOLL
949 _aFolleto 2396
_bBC
_cFOLL
_d-108091
_eTS1
_i47584
_mD
_si
999 _c42476
_d42476